000 01054nas a2200265Ia 4500
001 R022/43108
003 IT-RoPAU
008 151124c99999999xx |||||||||||| ||und||
040 _aIT-RoPAU
040 _cIT-RoPAU
041 _aITALIANO
100 _aAA.VV.
_gCodice Aut. SPICS: 12000
210 _aINFORMAZIONI MCS
222 _aInformazioni Mcs
245 _aINFORMAZIONI MCS, ANNO 29-N.08 (OTTOBRE 1986)
_bInformazioni Mcs, Anno 29-N.08 (Ottobre 1986)
250 _a1a ed.
260 _aVICENZA
_bINFORMAZIONI MCS
_c1986
501 _bPaulus - SPICS - Società San Paolo EM (non-commercial uses only)
_cCopyright2015
300 _a28 p.
310 _aMENSILE
362 _aANNO 029, N.08 (OTTOBRE 1986)
500 _aGinger-E-Fred-Di-F.-Fellini Another-Time-Another-Place-Di-Michael-Radfort Joan-Lui-Ma-Un-Giorno-Nel-Paese-Arrivo-Io-Di-Lunedi'-Di-A.-Celentano Tokyo-Ga-Di-Wim-Wenders. Incidenza della Rivoluzione Informatica Nei Confronti del Sistema Sociale, Mass Media e
650 _aCINEMA
_vPUBBLICAZIONE PERIODICA
942 _cCR
999 _c154281
_d154281